000 00458nam a2200133Ia 4500
008 170221s9999 xx 000 0 und d
100 _aJohn Ryan
245 _aHistorical Note: Did double-entry bookkeeping contribute to economic development, specifically the introduction of capitalism?
245 _cJohn Ryan
260 _c2016
300 _a14 : 1
650 _xBusiness
856 _uhttp://ro.uow.edu.au/cgi/viewcontent.cgi?article=1494&context=aabfj
999 _c311453
_d311453